000 01087nam a22002777a 4500
999 _c63818
_d63818
005 20240530110700.0
008 180101s2016 ua ab g b 000 0 ara d
017 _a2015/11113
_bمصر. دار الكتب
020 _a9789776521175
040 _aEG-CaGPL
_cEG-CaGPL
082 0 4 _221
_a327.12 /
_bج م
100 0 _aجلال زناتى
245 1 0 _aمشروع الشرق الاوسط الجديد وتداعياتة على الامن القومى العربى /
_cاعداد جلال زناتى
250 _aط.1
260 _aالاسكندرية :
_bدار الكتب والدراسات العربية ،
_c2016.
300 _a296 ص. :
_bايض ؛
_c24 سم.
504 _aيشتمل على ارجاعات ببليوجرافية
650 0 7 _2qrmak
_aالامن القومى
650 0 7 _2qrmak
_aالانقلابات
650 0 7 _2qrmak
_aالتخطيط الاقتصادى
650 0 7 _2qrmak
_aالتخريب والتدمير
650 0 7 _2qrmak
_aالتمرد والعصيان
651 _2qrmak
942 _2ddc
_cBK